000 00548nam a22001817a 4500
005 20240814173958.0
008 s1995 eng d
041 _aeng
245 1 0 _aThe Secretariat of the House of Representatives
260 3 _aBangkok :
_bThe Inter-Parliamentary Organization Division,
_c1995
300 _a26 p. :
_b shart ;
_c 29 cm.
650 0 4 _aSecretariat of the National Assembly -- Thailand
850 _aNALT
942 _cLB
997 _c000000000020951
998 _aAREERAT
_j25
_k นีลวัสน์ อินทรักษา
999 _c20951
_d20951
090 _aKD273 S42 1995